| 000 | 00783nam a22002057a 4500 | ||
|---|---|---|---|
| 999 |
_c10699 _d10699 |
||
| 003 | AR-CdUCM | ||
| 008 | 190401b ||||| |||| 00| 0 spa d | ||
| 040 |
_aMUNICIPALIDAD PROVINCIAL DEL CUSCO _cBIBLIOTECA MUNICIPAL DEL CUSCO |
||
| 082 |
_a376,4 / _bI52 /1906 |
||
| 110 |
_aMinisterio de instrucción _927686 |
||
| 245 |
_aInformaciones sobre la segunda enseñanza : _bEn la república / |
||
| 260 |
_aLima : _bEl lucero, _c1906. |
||
| 300 |
_a670 paginas ; _c23 cm. |
||
| 505 | _aContenido : Resultados producidos por la ley actual de segunda enseñanza -- Reforma que se debe introducir en la segunda enseñanza -- Proyecto de plan de estudios ... | ||
| 650 |
_aSegunda _927687 |
||
| 650 |
_aEnseñanza _91616 |
||
| 650 |
_aPerú _935 |
||
| 942 |
_2ddc _cLIBROS |
||
| 945 | _arah | ||